000
00316nam a22001457a 4500
008
230707b ||||| |||| 00| 0 eng d
020
_a
9780521793896
041
_a
eng
080
_a
61
082
_a
61TRO
100
_a
4
101
_a
MJKP
245
_a
EPIDEMIOLOGY AND CULTURE
_c
TROSTLE.A.J
942
_2
udc
_c
BK
999
_c
60122
_d
60122